000 01652 a2200217 4500
001 25592
005 20260407155540.0
008 260407a2007 arg spa d
003 AR-UNSa-BCEJYS
040 _aAR-UNSa-BCEJYS
_bspa
_cAR-UNSa-BCEJYS
080 _a347.74
_xContratos mercantiles (comerciales...leasing))
245 1 0 _aManual de contratos comerciales
020 _a978-950-894-628-7
264 1 _aBuenos Aires :
_bAD-HOC
_c2007
300 _a461 p.
_c23 cm.
505 _aParte I : Aspectos generales de la contratación mercantil : 1. Introducción al régimen contractual mercantil - 2. La formación de los contratos mercantiles - 3. Forma, prueba e interpretación de los contratos comerciales - 4. Nulidad, conversión y resolución de los contratos comerciales - Parte II : Contratos en particular : 5. Compraventa comercial - 6. Contratos estimatorio - 7. Depósito comercial - 8. Contrato de transporte - 9. Mandato comercial - 10. Comisión o consignación - 11. Prenda comercial común - 12. Prenda con registro - 13. Fianza comercial - 14. Mutuo comercial - 15. Cuenta corriente mercantil - 16. Transferencia de fondo de comercio - 17. Contrato de distribución - 18. Contrato de concesión mercantil - 19. Contrato de agencia - 20. Contrato de leasing - 21. Contrato de factoring - 22. Contrato de franchising - 23. Contrato de seguro - 24. Tarjeta de crédito - 25. Contrato de fideicomiso.
942 _cBK
590 _aniveau_biblio:m niveau_hierar:0
100 1 _aVítolo, Daniel Roque
856 4 1 _uhttps://biblioeco.unsa.edu.ar/pmb/images/libros/Manual de Contratos Comerciales (2007).jpg
_yImagen de portada
_qimage/jpeg
999 _c1406
_d1406